00882nam a2200253 a 450000100060000000300080000600500170001400800410003103500200007204000270009204100080011908200260012724501220015325000180027526000850029330000200037849000240039850000580042250400290048065000390050965100400054870000160058883000240060451392BD-RjUL20211209075643.0160830s1966 at b 000 0 eng  a(BD-RjUL) 51512 aDLCcDLCdBD-RjULbeng aeng00a320.994223bASP 196610aAspects of Australian government :ba short general survey of Australian political institutions /ceditor, John Rorke a2nd ed., rev. aSydney :bDept. of Tutorial Classes in the University of Sydney [foreword,c1966 a98 p. ;c22 cm.1 aA Platypus pamphlet aCollected and adapted from Current affairs bulletins. aIncludes bibliographies. 0aConstitutional historyzAustralia. 0aAustraliaxPolitics and government. aRorke, John 0aPlatypus pamphlets.